000 00700cab a22002055a 4500
001 L139979
008 070824e2007 xxkd f s 000 0 eng d
035 _a(Sirsi) u139979
041 0 _aeng
110 2 _aInvestment Property Forum
_92112
245 0 0 _aIPF forecast survey
_bJuly
260 _c2007
490 0 _aEstates Gazette
_v0733 18 August 2007, 36-38(3)
520 _aTotal return forecast for 2007 fell from 9.1% to 8.1% since the previous quarter, with poor expectations for capital value growth in 2008-09.
590 _aka
650 2 4 _aIPF CONSENSUS FORECAST SURVEY
651 4 _aUnited Kingdom
_y
690 _aPROPERTY-COMMERCIAL PROPERTY-COMMERCIAL PROPERTY MARKET
942 _n0
999 _c79150
_d79150